000 00835nam a22002177a 4500
005 20120830142618.0
008 120830t xxu||||| |||| 00| 0 eng d
010 _aENG-105713
020 _a9789380388526
_c1095.00
035 _aEN-89246
037 _bDBAD/PUB
040 _aDPL
_bEng
245 _aWomen welfare and educational planning /
_cedited by Vinod Kumar Bansal
260 _aNew Delhi
_bD.P.S. Publishing House
_c2012
270 _a4598/12-B, First Floor, Gola Cottage, Ansari Road
_bNew Delhi
_e110002
_mdpspublishinghouse@gmail.com
300 _aviii,280p.
_c22cm(Hb)
500 _aIncludes bibliographical references and index
700 _aBansal, Vinod Kumar
_951815
942 _2ddc
_cEN
_mWOM
999 _c69551
_d69551